Key Findings of Congressional Delegation to the Middle East : July 21-25, 2006.

Bibliographic Details
Corporate Authors: United States. Congress. House. Select Committee on Intelligence. Subcommittee on Oversight, ProQuest (Firm)
Format: eBook
Language:English
Published: [Washington] : [U.S. G.P.O.], 2006.
Series:U.S. Congressional Research.
Subjects:
Online Access:Connect to the full text of this electronic book

MARC

Tag First Indicator Second Indicator Subfields
LEADER 00000cam a22000001a 4500
001 in00003350708
006 m d f
007 cr bn mmmapmmp
008 110210s2006 dcu o f000 0 eng d
005 20260430205511.8
035 |a cis2007802258 
040 |a ProQuest  |c ProQuest  |d UtOrBLW 
043 |a n-us--- 
099 |a CMP-2006-ISH-0001 
110 1 |a United States.  |b Congress.  |b House.  |b Select Committee on Intelligence.  |b Subcommittee on Oversight. 
245 1 0 |a Key Findings of Congressional Delegation to the Middle East :  |b July 21-25, 2006. 
264 1 |a [Washington] :  |b [U.S. G.P.O.],  |c 2006. 
300 |a 1 online resource. 
336 |a text  |b txt  |2 rdacontent 
337 |a computer  |b c  |2 rdamedia 
338 |a online resource  |b cr  |2 rdacarrier 
500 |a Record is based on bibliographic data in ProQuest U.S. Congressional Research Digital Collection. Reuse except for individual research requires license from ProQuest, LLC. 
500 |a Electronic resource. 
610 2 0 |a Hizballah (Lebanon) 
650 0 |a Terrorism  |z Middle East. 
651 0 |a Israel. 
651 0 |a Lebanon. 
655 7 |a Electronic books.  |2 local 
710 2 |a ProQuest (Firm) 
776 0 8 |i Print version:   |a United States. Congress. House. Select Committee on Intelligence. Subcommittee on Oversight.  |t Key Findings of Congressional Delegation to the Middle East 
776 0 8 |i Microfiche version:   |a United States. Congress. House. Select Committee on Intelligence. Subcommittee on Oversight.  |t Key Findings of Congressional Delegation to the Middle East.  |d [Bethesda, Md.] : ProQuest,[2004]  |o CIS 2006 H432-3  |w (ProQuest)cis00600702 
830 0 |a U.S. Congressional Research. 
856 4 0 |u http://proxy.library.tamu.edu/login?url=https://congressional.proquest.com/congcomp/getdoc?CRDC-ID=CMP-2006-ISH-0001  |z Connect to the full text of this electronic book  |t 0 
998 |a cis00600702 
999 |a MARS 
999 f f |s 1bf85002-9a7b-3d99-bd64-1694e3ed1ed6  |i b4742bd7-f3bd-3252-a8e4-140c22853445  |t 0 
952 f f |a Texas A&M University  |b College Station  |c Electronic Resources  |s www_evans  |d Available Online  |t 0  |e CMP-2006-ISH-0001  |h Other scheme 
998 f f |a CMP-2006-ISH-0001  |t 0  |l Available Online